000 00464nam a2200169Ia 4500
008 220531s9999 xx 000 0 und d
041 _amar
100 _aकाळे वि.र.
_942776
245 _aहिटलर आणि त्‍याची प्रभावळ
250 _a1ST
260 _bVasant bookstall
_c1999
300 _a316
542 _d11-01-2000
650 _aMarathi
_942777
906 _d1999-2000
_f7841
999 _c25480
_d25480